banner-ar

كيف تذاكر وتزيد تحصيلك والاسس العلمية للاستذكار / (Record no. 48254)

MARC details
000 -الفاتح
حقل البيانات ثابتة الطول 00489nam a2200157Ia 4500
008 - عناصر البيانات ثابتة الطول - معلومات عامة
حقل البيانات ثابتة الطول 140319s9999 xx 000 0 ara d
040 ## - مصدر الفهرسة
وكالة الفهرسة الأصلية GCL /
وكالة النسخ GCL
082 04 - رقم تصنيف ديوى العشرى
رقم التصنيف 153.153
رقم المادة م ك
100 1# - المدخل الرئيسى - إسم شخصى
الإسم الشخصى مورجان , كليفورد
245 10 - بيان العنوان
العنوان كيف تذاكر وتزيد تحصيلك والاسس العلمية للاستذكار /
بيان المسئوليه,etc مورجان , كليفورد
700 1# - المدخل الاضافى - اسم شخصى
الإسم الشخصى ديز، جون
700 1# - المدخل الاضافى - اسم شخصى
الإسم الشخصى احمد محمد العيسوى
300 ## - الوصف المادى
التعداد 181 ص
490 ## - بيان السلسلة
عنوان السلسلة
Holdings
حالة التراجع حالة الفقد حالة تلف ليس للاعارة المكان المؤقت الموقع الحالى تاريخ الاكتساب اجمالي اﻻعارات رقم الطلب الباركود تاريخ اخر مشاهدة تاريخ تفعيل السعر نوع وعاء كوها
        مكتبة القاهرة الكبرى مكتبة القاهرة الكبرى 03/26/2014   153.153\م ك 116492 03/26/2014 03/26/2014 كتاب
        مكتبة القاهرة الكبرى مكتبة القاهرة الكبرى 03/26/2014   153.153\م ك 116493 03/26/2014 03/26/2014 كتاب

Powered By

EGPV